Šípková Ruženka (Record no. 22320)
[ view plain ]
| 000 -LEADER | |
|---|---|
| fixed length control field | 01181nam a2200421 a 4500 |
| 001 - CONTROL NUMBER | |
| control field | 22320 |
| 003 - CONTROL NUMBER IDENTIFIER | |
| control field | CZ PrNK |
| 005 - DATE AND TIME OF LATEST TRANSACTION | |
| control field | 20260326133825.0 |
| 007 - PHYSICAL DESCRIPTION FIXED FIELD--GENERAL INFORMATION | |
| fixed length control field | ta |
| 008 - FIXED-LENGTH DATA ELEMENTS--GENERAL INFORMATION | |
| fixed length control field | 110119s2010 xr a a 000 1 slo |
| 015 ## - NATIONAL BIBLIOGRAPHY NUMBER | |
| National bibliography number | cnb002161853 |
| 020 ## - INTERNATIONAL STANDARD BOOK NUMBER | |
| International Standard Book Number | 9788025216675 |
| Qualifying information | (váz.) |
| 035 ## - SYSTEM CONTROL NUMBER | |
| System control number | (OCoLC)713794306 |
| 040 ## - CATALOGING SOURCE | |
| Original cataloging agency | OLA001 |
| Language of cataloging | cze |
| 041 1# - LANGUAGE CODE | |
| Language code of text/sound track or separate title | slo |
| Language code of original | eng |
| 072 #7 - SUBJECT CATEGORY CODE | |
| Subject category code | 821-93 |
| Subject category code subdivision | Literatura pro děti a mládež (beletrie) |
| Source | Konspekt |
| 080 ## - UNIVERSAL DECIMAL CLASSIFICATION NUMBER | |
| Universal Decimal Classification number | 821-34 |
| Edition identifier | MRF |
| 080 ## - UNIVERSAL DECIMAL CLASSIFICATION NUMBER | |
| Universal Decimal Classification number | 821-93 |
| Edition identifier | MRF |
| 080 ## - UNIVERSAL DECIMAL CLASSIFICATION NUMBER | |
| Universal Decimal Classification number | (0:82-34) |
| Edition identifier | MRF |
| 080 ## - UNIVERSAL DECIMAL CLASSIFICATION NUMBER | |
| Universal Decimal Classification number | (0.025.2) |
| Edition identifier | MRF |
| 245 00 - TITLE STATEMENT | |
| Title | Šípková Ruženka |
| 250 ## - EDITION STATEMENT | |
| Edition statement | 1. vyd. |
| 260 ## - PUBLICATION, DISTRIBUTION, ETC. | |
| Place of publication, distribution, etc. | V Prahe : |
| Name of publisher, distributor, etc. | Egmont, |
| Date of publication, distribution, etc. | 2010 |
| 300 ## - PHYSICAL DESCRIPTION | |
| Extent | [10] s. : |
| Other physical details | vše barev. il. ; |
| Dimensions | 22 cm |
| 490 1# - SERIES STATEMENT | |
| Series statement | Disney. Princezná |
| 500 ## - GENERAL NOTE | |
| General note | Přeloženo z angličtiny? |
| 500 ## - GENERAL NOTE | |
| General note | Kartonové listy |
| 655 #7 - INDEX TERM--GENRE/FORM | |
| Genre/form data or focus term | pohádky |
| Source of term | czenas |
| 655 #7 - INDEX TERM--GENRE/FORM | |
| Genre/form data or focus term | publikace pro děti |
| Source of term | czenas |
| 655 #7 - INDEX TERM--GENRE/FORM | |
| Genre/form data or focus term | leporela |
| Source of term | czenas |
| 655 #9 - INDEX TERM--GENRE/FORM | |
| Genre/form data or focus term | fairy tales |
| Source of term | eczenas |
| 655 #9 - INDEX TERM--GENRE/FORM | |
| Genre/form data or focus term | children's literature |
| Source of term | eczenas |
| 655 #9 - INDEX TERM--GENRE/FORM | |
| Genre/form data or focus term | folding picture-books |
| Source of term | eczenas |
| 830 #0 - SERIES ADDED ENTRY--UNIFORM TITLE | |
| Uniform title | Disney. |
| Name of part/section of a work | Princezná |
| 901 ## - LOCAL DATA ELEMENT A, LDA (RLIN) | |
| b | 9788025216675 |
| f | 1. vyd. |
| o | 20110222 |
| 910 ## - USER-OPTION DATA (OCLC) | |
| User-option data | ABA001 |
| 942 ## - ADDED ENTRY ELEMENTS (KOHA) | |
| Source of classification or shelving scheme | Dewey Decimal Classification |
| Koha item type | Krásna literatúra pre deti |
| Suppress in OPAC | No |
| Stav vyradenia | Strata | Poškodenie | Spôsob nadobudnutia | Domovská knižnica | Aktuálna knižnica | Dátum nadobudnutia | Total checkouts | Čiarový kód exemplára | Date last seen | Typ exemplára |
|---|---|---|---|---|---|---|---|---|---|---|
| Dar | Obecná knižnica Turčianska Štiavnička | Obecná knižnica Turčianska Štiavnička | 26.03.2026 | 4738000741 | 26.03.2026 | Krásna literatúra pre deti |
